Grammar Workout : The Dictogloss Approach. vol.II, Listening - Text Reconstruction - Analysis /
Enregistré dans:
| Auteur principal: | |
|---|---|
| Format: | Sách giấy |
| Langue: | English |
| Publié: |
Sydney :
Melting Pot,
1988
|
| Tags: |
Ajouter un tag
Pas de tags, Soyez le premier à ajouter un tag!
|
| Thư viện lưu trữ: | Thư viện Trường Đại học Đà Lạt |
|---|
| LEADER | 00587nam a2200229 4500 | ||
|---|---|---|---|
| 001 | DLU020001213 | ||
| 005 | ##1/26/1999 | ||
| 041 | # | # | |a eng |
| 082 | # | # | |a 428.2 |b WA-R |
| 100 | # | # | |a Wajnryb, Ruth |
| 245 | # | # | |a Grammar Workout : |b The Dictogloss Approach. |n vol.II, |p Listening - Text Reconstruction - Analysis / |c Ruth Wajnryb |
| 260 | # | # | |a Sydney : |b Melting Pot, |c 1988 |
| 300 | # | # | |a 92 tr.; |c 25 cm. |
| 992 | # | # | |a 10000 |
| 994 | # | # | |a DLU |
| 900 | # | # | |a False |
| 911 | # | # | |a Administrator |
| 925 | # | # | |a G |
| 926 | # | # | |a A |
| 927 | # | # | |a SH |
| 980 | # | # | |a Thư viện Trường Đại học Đà Lạt |